Statistics for Peculiar Facts About Presidents Quiz

Click here to take the quiz!

General Stats

  • This quiz has been taken 17 times
    (16 since last reset)
  • The average score is 7 of 15

Answer Stats

QuestionAnswer% Correct
Abraham Lincoln was 6'4" tall and shares the title of tallest president with whom?Lyndon B. Johnson
79%
Name the only president who spoke English as a second language. His first language was Dutch.Martin Van Buren
79%
This president shot and killed a man in a duel, but not before being shot in the chest himself. The bullet was not removed and he lived another 40 years.Andrew Jackson
71%
Name the president who was a member of a band in his youth called "Three Blind Mice."Bill Clinton
71%
Name the president who was an accomplished architect - he not only designed his home, but several buildings of a prominent university.Thomas Jefferson
57%
Name the president who was blind in the left eye - a result of a boxing match.Teddy Roosevelt
50%
Name the only president with a masters in business administration.George W. Bush
43%
Who was the first president to be photographed while in office?James K. Polk
43%
The smallest president stood only 5'4" tall and weighed in at 100lbs, who was he?James Madison
43%
Who was the last elected president to represent the Whig party, which imploded after his term?Millard Fillmore
36%
Who was the first boy scout to become president?John F. Kennedy
29%
Name the only president buried within the confines of Washington, D.C.Woodrow Wilson
29%
Three presidents died on July 4th with John Adams and Thomas Jefferson dying on July 4th of the same year. Who is the other president to die on July 4th?James Madison
21%
Who was the first president to be born as a U.S. Citizen and not a British subject?Martin Van Buren
21%
Only 2 presidents signed the US constitution. James Madison was one, who was the other?George Washington
14%

Score Distribution

Percentile by Number Answered

Percent of People with Each Score

Your Score History

You have not taken this quiz since the last reset